000
00358nam a2200169Ia 4500
003
0100
008
130303s9999 xx 000 0 und d
040
_c
ARRUPELIB
050
_a
BP161.2.W51961
100
_a
Williams, John Alden (ed)
245
_a
Islam
260
_a
NY
260
_b
George Braziller
260
_C
1961
300
_a
256p
942
0
0
_0
2
999
_c
45489
_d
45489